000 01028nam a2200265Ia 4500
003 OSt
005 20221005112233.0
006 a|||||r|||| 00| 0
007 ta
008 221004b |||||||| |||| 00| 0 pan d
020 _a9788171435289 (hbk)
_c150
024 _a117216
037 _b562, 02/02/2012, H.K. Prakashan
_cTextual
040 _aCRL
_cCRL
_bpan
041 _2pan
_apan
082 _aO153,3:g(Y15), Q1
100 _aਰੰਧਾਵਾ, ਸਤਿੰਦਰ ਕੌਰ
245 0 _aਨਾਰੀ ਦਾ ਮਾਨਵੀ ੑ ਅਸਤਿਤਵ ਚਿਹਨ ਵਿਗਿਆਨਿਕ ਅਧਿਐਨ
260 _aਅੰਮ੍ਰਿਤਸਰ
_bਰਵੀ ਸਾਹਿਤ ਪ੍ਰਕਾਨ ਭਾਰਤ
_c2011
300 _a128ਪੰ
_ccm.
650 _a ਪੰਜਾਬੀ ਨਾਵਲ
650 _aਪੰਜਾਬੀ ਸਾਹਿਤ
942 _hO153,3:g(Y15), Q1
_cTEXL
_2cc
999 _c1024284
_d1024284